01173nam a22003014a 4500001001100000003000800011006001900019007001500038008004100053010001700094020002800111040002100139035002000160050002500180082002500205100002900230245011700259260004200376300001100418533015200429600002900581650004200610650003300652655002900685710001700714856012500731999001500856ebr5004866CaPaEBRm u cr cn|||||||||010502s2002 mau s 000 0aeng  z 2001002562 z0807072427 (alk. paper) aCaPaEBRcCaPaEBR a(OCoLC)5065081714aRC464.F75bA3 2002eb04a616.89/14/092aB2211 aFriedman, Bonnie,d1958-14aThe thief of happinessh[electronic resource] :bthe story of an extraordinary psychotherapy /cBonnie Friedman. aBoston, Mass. :bBeacon Press,c2002. a276 p. aElectronic reproduction.bPalo Alto, Calif. :cebrary,d2013.nAvailable via World Wide Web.nAccess may be limited to ebrary affiliated libraries.10aFriedman, Bonnie,d1958- 0aAnalysandszUnited StatesvBiography. 0aPsychotherapyvCase studies. 7aElectronic books.2local2 aebrary, Inc.40uhttp://site.ebrary.com/lib/rucke/Doc?id=5004866zAn electronic book accessible through the World Wide Web; click to view c1415d1415